<?xml version="1.0" encoding="UTF-8"?>
<collection xmlns="http://www.loc.gov/MARC21/slim">
 <record>
  <leader>01659nam a2200217Ia 4500</leader>
  <controlfield tag="001">CTU_19185</controlfield>
  <controlfield tag="008">210402s9999    xx            000 0 und d</controlfield>
  <datafield tag="020" ind1=" " ind2=" ">
   <subfield code="c">76.00</subfield>
  </datafield>
  <datafield tag="082" ind1=" " ind2=" ">
   <subfield code="a">617.6</subfield>
  </datafield>
  <datafield tag="082" ind1=" " ind2=" ">
   <subfield code="b">A557e</subfield>
  </datafield>
  <datafield tag="100" ind1=" " ind2=" ">
   <subfield code="a">Andreasen, J O</subfield>
  </datafield>
  <datafield tag="245" ind1=" " ind2="0">
   <subfield code="a">Essentials of traumatic injuries to the teeth</subfield>
  </datafield>
  <datafield tag="245" ind1=" " ind2="0">
   <subfield code="c">J O Andreasen, F M Andreasen</subfield>
  </datafield>
  <datafield tag="260" ind1=" " ind2=" ">
   <subfield code="a">Copenhagen, Denmark</subfield>
  </datafield>
  <datafield tag="260" ind1=" " ind2=" ">
   <subfield code="b">Munksgaard</subfield>
  </datafield>
  <datafield tag="260" ind1=" " ind2=" ">
   <subfield code="c">1990</subfield>
  </datafield>
  <datafield tag="520" ind1=" " ind2=" ">
   <subfield code="a">The book provides dental practice or emergency service of a hospital, with a readily accessible guide to initial treatment of acute dental trauma. Appendix 1 provides a standardized emergency chart that can be used. Moreover, Appendix 2 provides a standardized clinical examination form for acute and follow-up examinations. Appendix 3 summarizes the clinical and radiographic characteristics of each luxation category. It is suggested that these or similar forms be duplicated and completed as an integral part of trauma patient's record. In the case of some trauma entities, such as concussion, subluxation and some injuries to the primary dentition, observation &quot;therapy&quot; is the only treatment needed. Techniques for the reduction of tooth dislocations include immediate repositioning or repositioning using an orthodontic or surgical approach. Finally Appendix 4 is aimed at assisting in determining when the patient should be seen in order to detect changes in the follow-up period which might necessitate interceptive therapy</subfield>
  </datafield>
  <datafield tag="650" ind1=" " ind2=" ">
   <subfield code="a">Dental surveys,Dental therapeutics,Dentistry,Periodontium</subfield>
  </datafield>
  <datafield tag="650" ind1=" " ind2=" ">
   <subfield code="x">Aesthetics,Injuries.</subfield>
  </datafield>
  <datafield tag="904" ind1=" " ind2=" ">
   <subfield code="i">Minh, H.Mai</subfield>
  </datafield>
  <datafield tag="980" ind1=" " ind2=" ">
   <subfield code="a">Trung tâm Học liệu Trường Đại học Cần Thơ</subfield>
  </datafield>
 </record>
</collection>
